Strategic facilities management (Record no. 115073)

MARC details
000 -LEADER
fixed length control field 01496cam a22002535a 4500
001 - CONTROL NUMBER
control field L158007
005 - DATE AND TIME OF LATEST TRANSACTION
control field 20260123103339.0
008 - FIXED-LENGTH DATA ELEMENTS--GENERAL INFORMATION
fixed length control field 131104s2013 xxk f 000 0 eng d
020 ## - INTERNATIONAL STANDARD BOOK NUMBER
International Standard Book Number 9781783210312
035 ## - SYSTEM CONTROL NUMBER
System control number (Sirsi) u158007
041 0# - LANGUAGE CODE
Language code of text/sound track or separate title eng
110 2# - MAIN ENTRY--CORPORATE NAME
Corporate name or jurisdiction name as entry element Royal Institution of Chartered Surveyors
9 (RLIN) 4900
245 00 - TITLE STATEMENT
Title Strategic facilities management
Remainder of title RICS Professional Guidance, Global
Medium [archived]
260 ## - PUBLICATION, DISTRIBUTION, ETC.
Place of publication, distribution, etc. Coventry
Name of publisher, distributor, etc. RICS
Date of publication, distribution, etc. 2013
500 ## - GENERAL NOTE
General note Archived 1 June 2018
520 ## - SUMMARY, ETC.
Summary, etc. No longer current.
520 ## - SUMMARY, ETC.
Summary, etc. Part 1 provides high level guidance on the strategy, planning, delivery of facilities management (fm) and support services to organisations. Intended as a route map to the processes required to best support an organisation and enhance overall business performance rather than a step by step approach. Part 2, Managing facilities identifies tasks facility managers undertake in delivering services to organisations. Part 3. Appendices includes reference sources including a summary of key terms and abbtreviations used in the fm industry.
520 ## - SUMMARY, ETC.
Summary, etc. Supersedes 2nd edition of The strategic role of facilities management in business performance, ISBN 9781842196779.
590 ## - LOCAL NOTE (RLIN)
Local note KA
651 #4 - SUBJECT ADDED ENTRY--GEOGRAPHIC NAME
Geographic name International
690 ## - LOCAL SUBJECT ADDED ENTRY--TOPICAL TERM (OCLC, RLIN)
Topical term or geographic name as entry element Facilities management
9 (RLIN) 6240
856 40 - ELECTRONIC LOCATION AND ACCESS
Uniform Resource Identifier <a href="https://www.isurv.com/downloads/file/5797/archive_strategic_facilities_management_1st_edition_october_2013%E2%80%93june_2018">https://www.isurv.com/downloads/file/5797/archive_strategic_facilities_management_1st_edition_october_2013%E2%80%93june_2018</a>
Public note Archived on isurv (subscription required)
942 ## - ADDED ENTRY ELEMENTS (KOHA)
Suppress in OPAC 0
Source of classification or shelving scheme Dewey Decimal Classification
Holdings
Withdrawn status Lost status Damaged status Not for loan Home library Current library Shelving location Date acquired Total Checkouts Full call number Barcode Date last seen Copy number Price effective from Koha item type Source of classification or shelving scheme
        Archives Archives RICS Boxes 05/12/2013   RICS 2013/11 30078249 06/08/2019 1 06/08/2019 Archive Dewey Decimal Classification
        London London Folio 02/04/2014   F658.2 30078045 06/08/2019 1 06/08/2019 Book Dewey Decimal Classification
        London London Folio 02/04/2014   F658.2 30078041 06/08/2019 2 06/08/2019 Book Dewey Decimal Classification
        Virtual Virtual Online 04/11/2013   isurv 158007-2001 23/01/2026 4 06/08/2019 Online material